• 首页
  • 本馆介绍
  • 公告通知
  • 最新文献
  • 馆藏检索
  • 电子资源
  • 读者导购
  • 参考咨询
  • 我的图书馆
  • 登录
  • 详细信息显示
  • 放入我的书架
  • 预约/预借图书
  • 作者相关作品
  • 分类相关作品
  • 丛书相关作品
  • 出版社相关作品

书目信息

  • 表格格式
  • 工作单格式
  • 卡片格式
题名:
社会主义在世界和中国的发展
    
 
作者: 许耀桐 著
分册:  
出版信息: 北京   人民出版社  2020
页数: 366页
开本: 24cm
丛书名:
单 册:
中图分类: D507 , D616
科图分类:
主题词: 社会主义--研究--世界 , 中国特色社会主义--研究
电子资源:
ISBN: 978-7-01-022218-9
000 01205nam0 2200289 450
001 2171965499
005 20211116195930.12
010    @a978-7-01-022218-9@dCNY85.00
035    @a010346357
035    @a(A100000NLC)011029227
049    @aA100000NLC@bUCS01010346357@c011029227@dNLC01
100    @a20210104d2020 em y0chiy0110 ea
101 0  @achi
102    @aCN@b110000
105    @ay z 000yy
200 1  @a社会主义在世界和中国的发展@9she hui zhu yi zai shi jie he zhong guo de fa zhan@b专著@dThe development of socialism in the world and China@f许耀桐等著@zeng
210    @a北京@c人民出版社@d2020
215    @a366页@d24cm
330    @a本书共七章,内容包括:空想社会主义从群星璀璨到黯然陨落、科学社会主义的坚实崛起和普照之光、第一个社会主义国家的建立和苏联模式的形成、东欧社会主义国家的建设和苏东剧变、中国特色社会主义实现马克思主义中国化、中国特色社会主义开辟现代化强国新路、中国特色社会主义的成功经验等。
510 1  @aDevelopment of socialism in the world and China@zeng
606 0  @a社会主义@x研究@y世界
606 0  @a中国特色社会主义@x研究
690    @aD507@v5
690    @aD616@v5
701  0 @a许耀桐@9xu yao tong@4著
801  0 @aCN@b山东中教@c20211112
905    @aZUCC@dD507@e2
    
    社会主义在世界和中国的发展=The development of socialism in the world and China/许耀桐等著.-北京:人民出版社,2020
    366页;24cm
    
    
    ISBN 978-7-01-022218-9:CNY85.00
    本书共七章,内容包括:空想社会主义从群星璀璨到黯然陨落、科学社会主义的坚实崛起和普照之光、第一个社会主义国家的建立和苏联模式的形成、东欧社会主义国家的建设和苏东剧变、中国特色社会主义实现马克思主义中国化、中国特色社会主义开辟现代化强国新路、中国特色社会主义的成功经验等。
●
相关链接 在五车中查询图书 在当当中查询图书 在豆瓣中查询图书


正题名:社会主义在世界和中国的发展     索取号:D507/2         预约/预借

序号 登录号 条形码 馆藏地/架位号 状态 备注
1 2000889717   2000889717   第三书库/ [索取号:D507/2] 在馆    
2 2000889718   2000889718   第三书库/ [索取号:D507/2] 在馆    
3 2000889719   2000889719   第三书库/ [索取号:D507/2] 在馆    
山东省滨州职业学院图书馆 欢迎您!
大连网信软件有限公司© 版权所有